000 00461nam a2200169Ia 4500
008 090711s9999 xx 000 0 und d
082 _b69401
100 _aबांदोडकर गो. पु.
245 _aफरारी
260 _c1992
300 _a174
600 _aबांदोडकर गो. पु.
630 _aफरारी
700 _aबांदोडकर गो. पु.
730 _aफरारी
942 _cBOOK
999 _c303982
_d303982